000 00688nam a2200289Ia 4500
005 20260324142535.0
008 008 260324s9999 xx 000 0 eng d
020 _a9780203490556
037 _aEBOOK
040 _aCRL
040 _beng
040 _cCRL
041 _2eng
041 _aeng
084 _qCRL
100 _aEllen Goldman
_91212322
245 0 _aAs Others See Us
245 0 _bBody Movement and the Art of Successful Communication
260 _bTaylor and Francis
260 _c1994
365 _a
365 _b220
856 _uhttp://www.taylorfrancis.com/books/9780203490556
942 _cEBOOK
999 _c1816635
_d1816635